Zgadnij co to za marka pojazdu z zsrr - Statystyki

Ogólne statystyki
  • Ten quiz został rozwiązany 9 razy
  • Średni wynik to 4 z 18
Statystyki odpowiedzi
Obrazkowy Odpowiedź % Poprawnych
lada
88%
kamaz
63%
uaz
63%
mtz / belarus
50%
zil
38%
kraz
25%
ural
25%
wladimirec / vtz
25%
gaz
13%
htz
13%
wtz
13%
eo
0%
jumz / umz
0%
kirovets
0%
ltz
0%
luaz
0%
maz
0%
zaz
0%
Nie znaleziono quizów pasujących do podanych kryteriów
Rozkład punktacji
Procent ludzi z każdym wynikiem
Percentyl według liczby udzielonych odpowiedzi
Twoja historia wyników
Nie rozwiązałeś tego quizu